Vista normal
Vista MARC
Entrada Personal Name
Número de registros utilizados en: 1
001 - CONTROL NUMBER
- control field: 8824
003 - CONTROL NUMBER IDENTIFIER
- control field: OSt
005 - DATE AND TIME OF LATEST TRANSACTION
- control field: 20200814223420.0
008 - FIXED-LENGTH DATA ELEMENTS
- fixed length control field: 200814|| aca||aabn | a|a d
040 ## - CATALOGING SOURCE
- Original cataloging agency: OSt
- Transcribing agency: OSt
100 ## - HEADING--PERSONAL NAME
- Personal name: Montoya Reyes, Camilo
670 ## - SOURCE DATA FOUND
- Source citation: Work cat.: (OSt)4703: Córdoba Triviño, Jaime, autor 8823, Estudios de política criminal / , 2006